| 000 | 00502nam a22001937a 4500 | ||
|---|---|---|---|
| 003 | MPLRDC | ||
| 005 | 20220104114437.0 | ||
| 008 | 210129b ||||| |||| 00| 0 eng d | ||
| 020 | _a957-716-436-6 | ||
| 082 | _a857.8 JMDZ v.109 | ||
| 100 | _a杨子莹著 | ||
| 245 |
_a来一客爱情圣代 _c |
||
| 250 | _a一版一刷 | ||
| 260 |
_a台湾 _b精美出版股份有限公司 _c1996 |
||
| 300 | _b236 | ||
| 490 | _a精美大众小说. 109 | ||
| 650 | _a言情小说 | ||
| 942 |
_cBK _o857.8 JMDZ v.109 |
||
| 999 |
_c7519 _d7509 |
||